<?xml version="1.0" encoding="UTF-8"?>
<record
    xmlns:xsi="http://www.w3.org/2001/XMLSchema-instance"
    xsi:schemaLocation="http://www.loc.gov/MARC21/slim http://www.loc.gov/standards/marcxml/schema/MARC21slim.xsd"
    xmlns="http://www.loc.gov/MARC21/slim">

  <leader>01901nam a2200301 i 4500</leader>
  <controlfield tag="003">DO-SdBNP</controlfield>
  <controlfield tag="005">20230817102743.0</controlfield>
  <controlfield tag="006">a||||gr|||| 00| 0 </controlfield>
  <controlfield tag="007">ta</controlfield>
  <controlfield tag="008">230815e2004    dr ||||| |||| 00| d spa d</controlfield>
  <datafield tag="040" ind1=" " ind2=" ">
    <subfield code="a">DO-SdBNP</subfield>
    <subfield code="b">spa</subfield>
    <subfield code="c">BNPHU</subfield>
    <subfield code="e">rda</subfield>
  </datafield>
  <datafield tag="082" ind1=" " ind2="4">
    <subfield code="2">22</subfield>
    <subfield code="b">D636m</subfield>
  </datafield>
  <datafield tag="245" ind1="0" ind2="0">
    <subfield code="a">XII marzo teatral 2004:</subfield>
    <subfield code="b">segundo concurso nacional de dramaturgia express 2004. /</subfield>
    <subfield code="c">Presentaci&#xF3;n, Karina Noble; pr&#xF3;logo, Henry Mercedes Vales</subfield>
  </datafield>
  <datafield tag="246" ind1="0" ind2="1">
    <subfield code="a">D&#xE9;cimo segundo marzo teatral 2004:</subfield>
    <subfield code="b">segundo concurso nacional de dramaturgia express 2004</subfield>
  </datafield>
  <datafield tag="246" ind1="1" ind2="4">
    <subfield code="a">XII marzo teatral 2004:</subfield>
    <subfield code="b">II concurso nacional de dramaturgia express 2004</subfield>
  </datafield>
  <datafield tag="264" ind1=" " ind2="1">
    <subfield code="a">Santo Domingo :</subfield>
    <subfield code="b">Secretar&#xED;a de Estado de Cultura,</subfield>
    <subfield code="c">2004</subfield>
  </datafield>
  <datafield tag="300" ind1=" " ind2=" ">
    <subfield code="a">94 p&#xE1;ginas ;</subfield>
    <subfield code="c">19 cm.</subfield>
  </datafield>
  <datafield tag="336" ind1=" " ind2=" ">
    <subfield code="2">rdacontent</subfield>
    <subfield code="a">texto</subfield>
    <subfield code="b">txt</subfield>
  </datafield>
  <datafield tag="337" ind1=" " ind2=" ">
    <subfield code="2">rdamedia</subfield>
    <subfield code="a">sin mediaci&#xF3;n</subfield>
    <subfield code="b">n</subfield>
  </datafield>
  <datafield tag="338" ind1=" " ind2=" ">
    <subfield code="2">rdacarrier</subfield>
    <subfield code="a">volumen</subfield>
    <subfield code="b">nc</subfield>
  </datafield>
  <datafield tag="505" ind1=" " ind2=" ">
    <subfield code="a">Presentaci&#xF3;n.-- Carta abierta a Karina Noble.-- D&#xED;a del Teatro Dominicano.-- Mensaje del d&#xED;a Mundial del Teatro 2004.-- Programa Actividades.-- </subfield>
    <subfield code="g">II Concurso Nacional de Dramaturgia Express:</subfield>
    <subfield code="t">Primer Premio.</subfield>
    <subfield code="t">Pan por favor. /</subfield>
    <subfield code="r">Hamlet Bodden.--</subfield>
    <subfield code="t">Segundo Premio.</subfield>
    <subfield code="t">Con el miedo por compa&#xF1;&#xED;a. /</subfield>
    <subfield code="r">Robert Alexander Santana Ure&#xF1;a.--</subfield>
    <subfield code="t">Tercer Premio.</subfield>
    <subfield code="t">Tres Oraciones y un Am&#xE9;n. /</subfield>
    <subfield code="r">Canek Denis Fern&#xE1;ndez.--</subfield>
  </datafield>
  <datafield tag="505" ind1=" " ind2=" ">
    <subfield code="a">Primera Menci&#xF3;n:</subfield>
    <subfield code="t">Agua para las manos. /</subfield>
    <subfield code="r">Ana Mar&#xED;a Ventura G.--</subfield>
    <subfield code="g">Segunda Menci&#xF3;n. /</subfield>
    <subfield code="t">Tierra Muerta. /</subfield>
    <subfield code="r">Edith J. Parra Abreu.--</subfield>
    <subfield code="g">Tercera Menci&#xF3;n.</subfield>
    <subfield code="t">Dulce hechizo. /</subfield>
    <subfield code="r">Wilson Ure&#xF1;a.--</subfield>
    <subfield code="g">Cuarta Menci&#xF3;n.</subfield>
    <subfield code="t">htebcam. /</subfield>
    <subfield code="t">Tarsis Castro.--</subfield>
    <subfield code="g">Quinta Menci&#xF3;n.</subfield>
    <subfield code="t">Primer grado. /</subfield>
    <subfield code="r">Johanna Gonz&#xE1;lez.--</subfield>
    <subfield code="g">Sexta Menci&#xF3;n.</subfield>
    <subfield code="t">Reflejos de un pasado. /</subfield>
    <subfield code="r">Margaret Sosa.</subfield>
  </datafield>
  <datafield tag="590" ind1=" " ind2=" ">
    <subfield code="a">Inventariado 2023 / MF</subfield>
  </datafield>
  <datafield tag="700" ind1="1" ind2=" ">
    <subfield code="a">Noble, Karina,</subfield>
    <subfield code="e">presentaci&#xF3;n</subfield>
    <subfield code="9">83962</subfield>
  </datafield>
  <datafield tag="700" ind1="1" ind2=" ">
    <subfield code="a">Mercedes Vales, Henry,</subfield>
    <subfield code="e">pr&#xF3;logo</subfield>
    <subfield code="9">27197</subfield>
  </datafield>
  <datafield tag="710" ind1="2" ind2=" ">
    <subfield code="a">Secretar&#xED;a de Estado de Cultura, Rep&#xFA;blica Dominicana</subfield>
    <subfield code="9">57668</subfield>
  </datafield>
  <datafield tag="942" ind1=" " ind2=" ">
    <subfield code="2">ddc</subfield>
    <subfield code="c">LBS1</subfield>
  </datafield>
  <datafield tag="952" ind1=" " ind2=" ">
    <subfield code="0">0</subfield>
    <subfield code="1">0</subfield>
    <subfield code="2">ddc</subfield>
    <subfield code="5">1</subfield>
    <subfield code="7">0</subfield>
    <subfield code="8">PD</subfield>
    <subfield code="a">BNPHU</subfield>
    <subfield code="b">BNPHU</subfield>
    <subfield code="c">CT</subfield>
    <subfield code="d">2019-04-14</subfield>
    <subfield code="e">Donado por Martiza P&#xE9;rez G.</subfield>
    <subfield code="l">0</subfield>
    <subfield code="o">D636m</subfield>
    <subfield code="p">2023-5364</subfield>
    <subfield code="r">2023-08-15</subfield>
    <subfield code="w">2023-08-15</subfield>
    <subfield code="y">LBS1</subfield>
  </datafield>
  <datafield tag="999" ind1=" " ind2=" ">
    <subfield code="c">54424</subfield>
    <subfield code="d">54424</subfield>
  </datafield>
</record>
